000 00441nam a22001577a 4500
003 OSt
005 20251007044442.0
008 251007b |||||||| |||| 00| 0 eng d
020 _a978-0-312-34952-3
040 _aDWC-Main Lib.
_cOC
100 _aEVANOVICH, JANET
245 _aFearless fourteen/
_cEVANOVICH, JANET
260 _aNew York :
_bSt. Martin's Press,
_cc2009.
300 _a352 pages ;
_c18 cm.
942 _2ddc
_cFIC.
_hFic.
_n0
999 _c4681
_d4681